<?xml version="1.0" encoding="UTF-8"?>
<record
    xmlns:xsi="http://www.w3.org/2001/XMLSchema-instance"
    xsi:schemaLocation="http://www.loc.gov/MARC21/slim http://www.loc.gov/standards/marcxml/schema/MARC21slim.xsd"
    xmlns="http://www.loc.gov/MARC21/slim">

  <leader>02604nam2a22003971  4500</leader>
  <controlfield tag="001">rc\4738243</controlfield>
  <controlfield tag="005">20250612164858.0</controlfield>
  <datafield tag="010" ind1=" " ind2=" ">
    <subfield code="b">&#x412; &#x43F;&#x435;&#x440;.</subfield>
    <subfield code="d">6 &#x440;. [&#x441; 1/1 1961 &#x433;. - 60 &#x43A;.]</subfield>
    <subfield code="9">2600</subfield>
  </datafield>
  <datafield tag="021" ind1=" " ind2=" ">
    <subfield code="a">RU</subfield>
    <subfield code="b">[61-3045]</subfield>
  </datafield>
  <datafield tag="035" ind1=" " ind2=" ">
    <subfield code="a">(NLR Aleph) 008736049</subfield>
  </datafield>
  <datafield tag="090" ind1=" " ind2=" ">
    <subfield code="a">9504595</subfield>
    <subfield code="c">9504595</subfield>
  </datafield>
  <datafield tag="100" ind1=" " ind2=" ">
    <subfield code="a">20130416d1960    |||y0rusy50      ca</subfield>
  </datafield>
  <datafield tag="101" ind1="0" ind2=" ">
    <subfield code="a">rus</subfield>
  </datafield>
  <datafield tag="102" ind1=" " ind2=" ">
    <subfield code="a">RU</subfield>
  </datafield>
  <datafield tag="105" ind1=" " ind2=" ">
    <subfield code="a">a z |||||</subfield>
  </datafield>
  <datafield tag="135" ind1=" " ind2=" ">
    <subfield code="a">crmn mmmanaba</subfield>
  </datafield>
  <datafield tag="135" ind1=" " ind2=" ">
    <subfield code="a">crmn mmmanaba</subfield>
  </datafield>
  <datafield tag="135" ind1=" " ind2=" ">
    <subfield code="a">crmn mmmanaba</subfield>
  </datafield>
  <datafield tag="200" ind1="0" ind2=" ">
    <subfield code="a">... &#x432; 1959 &#x433;&#x43E;&#x434;&#x443;</subfield>
    <subfield code="f">&#x417;&#x43C;&#x435;&#x435;&#x432;&#x430; &#x41D;. &#x42F;.</subfield>
    <subfield code="g">&#x440;&#x435;&#x434;. &#x412;.&#x41C;. &#x411;&#x430;&#x440;&#x430;&#x448;&#x435;&#x43D;&#x43A;&#x43E;&#x432;</subfield>
  </datafield>
  <datafield tag="210" ind1=" " ind2=" ">
    <subfield code="d">1960</subfield>
    <subfield code="a">&#x411;. &#x43C;.</subfield>
  </datafield>
  <datafield tag="215" ind1=" " ind2=" ">
    <subfield code="a">146 &#x441;., 4 &#x43B;. &#x438;&#x43B;.</subfield>
    <subfield code="c">&#x438;&#x43B;.</subfield>
    <subfield code="d">22</subfield>
  </datafield>
  <datafield tag="320" ind1=" " ind2=" ">
    <subfield code="a">"&#x421;&#x43F;&#x438;&#x441;&#x43E;&#x43A; &#x43A;&#x43D;&#x438;&#x433;, &#x431;&#x440;&#x43E;&#x448;&#x44E;&#x440; &#x438; &#x436;&#x443;&#x440;&#x43D;&#x430;&#x43B;&#x44C;&#x43D;&#x44B;&#x445; &#x441;&#x442;&#x430;&#x442;&#x435;&#x439;, &#x43E;&#x43F;&#x443;&#x431;&#x43B;&#x438;&#x43A;&#x43E;&#x432;&#x430;&#x43D;&#x43D;&#x44B;&#x445; &#x441;&#x43E;&#x442;&#x440;&#x443;&#x434;&#x43D;&#x438;&#x43A;&#x430;&#x43C;&#x438; &#x41F;&#x443;&#x431;&#x43B;&#x438;&#x447;&#x43D;&#x43E;&#x439; &#x431;&#x438;&#x431;&#x43B;&#x438;&#x43E;&#x442;&#x435;&#x43A;&#x438; &#x432; 1959 &#x433;. &#x432; &#x440;&#x430;&#x437;&#x43B;&#x438;&#x447;&#x43D;&#x44B;&#x445; &#x438;&#x437;&#x434;&#x430;&#x43D;&#x438;&#x44F;&#x445;": &#x441;. 138-143</subfield>
  </datafield>
  <datafield tag="325" ind1="1" ind2=" ">
    <subfield code="a">&#x41A;&#x43E;&#x43F;&#x438;&#x44F; &#x434;&#x43E;&#x441;&#x442;&#x443;&#x43F;&#x43D;&#x430; &#x432; &#x44D;&#x43B;&#x435;&#x43A;&#x442;&#x440;&#x43E;&#x43D;&#x43D;&#x43E;&#x439; &#x431;&#x438;&#x431;&#x43B;&#x438;&#x43E;&#x442;&#x435;&#x43A;&#x435; &#x420;&#x41D;&#x411;</subfield>
  </datafield>
  <datafield tag="461" ind1=" " ind2="0">
    <subfield code="1">001rc\4738242</subfield>
    <subfield code="1">2001#$a&#x413;&#x43E;&#x441;&#x443;&#x434;&#x430;&#x440;&#x441;&#x442;&#x432;&#x435;&#x43D;&#x43D;&#x430;&#x44F; &#x43F;&#x443;&#x431;&#x43B;&#x438;&#x447;&#x43D;&#x430;&#x44F; &#x431;&#x438;&#x431;&#x43B;&#x438;&#x43E;&#x442;&#x435;&#x43A;&#x430; &#x438;&#x43C;&#x435;&#x43D;&#x438; &#x41C;.&#x415;. &#x421;&#x430;&#x43B;&#x442;&#x44B;&#x43A;&#x43E;&#x432;&#x430;-&#x429;&#x435;&#x434;&#x440;&#x438;&#x43D;&#x430;...$f&#x41C;-&#x432;&#x43E; &#x43A;&#x443;&#x43B;&#x44C;&#x442;&#x443;&#x440;&#x44B; &#x420;&#x421;&#x424;&#x421;&#x420;. &#x413;&#x43E;&#x441;. &#x43E;&#x440;&#x434;&#x435;&#x43D;&#x430; &#x422;&#x440;&#x443;&#x434;&#x43E;&#x432;&#x43E;&#x433;&#x43E; &#x41A;&#x440;&#x430;&#x441;&#x43D;&#x43E;&#x433;&#x43E; &#x417;&#x43D;&#x430;&#x43C;&#x435;&#x43D;&#x438; &#x43F;&#x443;&#x431;&#x43B;. &#x431;-&#x43A;&#x430; &#x438;&#x43C;. &#x41C;.&#x415;. &#x421;&#x430;&#x43B;&#x442;&#x44B;&#x43A;&#x43E;&#x432;&#x430;-&#x429;&#x435;&#x434;&#x440;&#x438;&#x43D;&#x430;$v... &#x432; 1959 &#x433;&#x43E;&#x434;&#x443;</subfield>
    <subfield code="9">9504591</subfield>
    <subfield code="a">&#x41F;&#x443;&#x431;&#x43B;&#x438;&#x447;&#x43D;&#x430;&#x44F; &#x431;&#x438;&#x431;&#x43B;&#x438;&#x43E;&#x442;&#x435;&#x43A;&#x430; &#x438;&#x43C;. &#x41C;. &#x415;. &#x421;&#x430;&#x43B;&#x442;&#x44B;&#x43A;&#x43E;&#x432;&#x430;-&#x429;&#x435;&#x434;&#x440;&#x438;&#x43D;&#x430; (&#x41B;&#x435;&#x43D;&#x438;&#x43D;&#x433;&#x440;&#x430;&#x434;)</subfield>
    <subfield code="c">&#x41B;&#x435;&#x43D;&#x438;&#x43D;&#x433;&#x440;&#x430;&#x434;</subfield>
    <subfield code="d">1960-1969</subfield>
    <subfield code="f">&#x41C;-&#x432;&#x43E; &#x43A;&#x443;&#x43B;&#x44C;&#x442;&#x443;&#x440;&#x44B; &#x420;&#x421;&#x424;&#x421;&#x420;. &#x413;&#x43E;&#x441;. &#x43E;&#x440;&#x434;&#x435;&#x43D;&#x430; &#x422;&#x440;&#x443;&#x434;&#x43E;&#x432;&#x43E;&#x433;&#x43E; &#x41A;&#x440;&#x430;&#x441;&#x43D;&#x43E;&#x433;&#x43E; &#x417;&#x43D;&#x430;&#x43C;&#x435;&#x43D;&#x438; &#x43F;&#x443;&#x431;&#x43B;. &#x431;-&#x43A;&#x430; &#x438;&#x43C;. &#x41C;.&#x415;. &#x421;&#x430;&#x43B;&#x442;&#x44B;&#x43A;&#x43E;&#x432;&#x430;-&#x429;&#x435;&#x434;&#x440;&#x438;&#x43D;&#x430;</subfield>
    <subfield code="t">&#x413;&#x43E;&#x441;&#x443;&#x434;&#x430;&#x440;&#x441;&#x442;&#x432;&#x435;&#x43D;&#x43D;&#x430;&#x44F; &#x43F;&#x443;&#x431;&#x43B;&#x438;&#x447;&#x43D;&#x430;&#x44F; &#x431;&#x438;&#x431;&#x43B;&#x438;&#x43E;&#x442;&#x435;&#x43A;&#x430; &#x438;&#x43C;&#x435;&#x43D;&#x438; &#x41C;.&#x415;. &#x421;&#x430;&#x43B;&#x442;&#x44B;&#x43A;&#x43E;&#x432;&#x430;-&#x429;&#x435;&#x434;&#x440;&#x438;&#x43D;&#x430;...</subfield>
    <subfield code="v">... &#x432; 1959 &#x433;&#x43E;&#x434;&#x443;</subfield>
  </datafield>
  <datafield tag="701" ind1=" " ind2="1">
    <subfield code="7">ca</subfield>
    <subfield code="8">rus</subfield>
    <subfield code="a">&#x417;&#x43C;&#x435;&#x435;&#x432;&#x430;</subfield>
    <subfield code="b">&#x41D;. &#x42F;.</subfield>
    <subfield code="f">1909-1988</subfield>
    <subfield code="g">&#x41D;&#x438;&#x43D;&#x430; &#x42F;&#x43A;&#x43E;&#x432;&#x43B;&#x435;&#x432;&#x43D;&#x430;</subfield>
    <subfield code="9">219379</subfield>
    <subfield code="3">RU\NLR\AUTH\770219435</subfield>
  </datafield>
  <datafield tag="702" ind1=" " ind2="1">
    <subfield code="4">340</subfield>
    <subfield code="7">ca</subfield>
    <subfield code="8">rus</subfield>
    <subfield code="a">&#x411;&#x430;&#x440;&#x430;&#x448;&#x435;&#x43D;&#x43A;&#x43E;&#x432;</subfield>
    <subfield code="b">&#x412;. &#x41C;.</subfield>
    <subfield code="f">1905-1983</subfield>
    <subfield code="g">&#x412;&#x438;&#x43A;&#x442;&#x43E;&#x440; &#x41C;&#x438;&#x445;&#x430;&#x439;&#x43B;&#x43E;&#x432;&#x438;&#x447;</subfield>
    <subfield code="9">218421</subfield>
    <subfield code="3">RU\NLR\AUTH\770218477</subfield>
  </datafield>
  <datafield tag="801" ind1=" " ind2="0">
    <subfield code="a">RU</subfield>
    <subfield code="b">NLR</subfield>
    <subfield code="c">20130416</subfield>
    <subfield code="g">psbo</subfield>
  </datafield>
  <datafield tag="801" ind1=" " ind2="1">
    <subfield code="a">RU</subfield>
    <subfield code="b">ELAR</subfield>
    <subfield code="c">20130416</subfield>
    <subfield code="2">rusmarc</subfield>
  </datafield>
  <datafield tag="801" ind1=" " ind2="2">
    <subfield code="a">RU</subfield>
    <subfield code="b">NLR</subfield>
    <subfield code="c">20151028</subfield>
    <subfield code="2">rusmarc</subfield>
  </datafield>
  <datafield tag="852" ind1=" " ind2=" ">
    <subfield code="a">NLR</subfield>
    <subfield code="b">&#x411;</subfield>
    <subfield code="j">6040.065/1959</subfield>
  </datafield>
  <datafield tag="901" ind1=" " ind2=" ">
    <subfield code="e">&#x41A;&#x43D;&#x438;&#x436;&#x43D;&#x44B;&#x435; &#x438;&#x437;&#x434;&#x430;&#x43D;&#x438;&#x44F;</subfield>
  </datafield>
  <datafield tag="942" ind1=" " ind2=" ">
    <subfield code="c">BOOK</subfield>
  </datafield>
  <datafield tag="980" ind1=" " ind2=" ">
    <subfield code="a">NB</subfield>
  </datafield>
  <datafield tag="981" ind1="4" ind2="3">
    <subfield code="a">(43) &#x422;&#x435;&#x43C;&#x430;&#x442;&#x438;&#x447;&#x435;&#x441;&#x43A;&#x430;&#x44F; &#x43F;&#x43E;&#x434;&#x431;&#x43E;&#x440;&#x43A;&#x430; &#x421;&#x430;&#x43D;&#x43A;&#x442;-&#x41F;&#x435;&#x442;&#x435;&#x440;&#x431;&#x443;&#x440;&#x433;</subfield>
    <subfield code="b">(43) &#x411;&#x438;&#x431;&#x43B;&#x438;&#x43E;&#x442;&#x435;&#x43A;&#x438;</subfield>
  </datafield>
  <datafield tag="981" ind1="1" ind2="8">
    <subfield code="a">(18) &#x41F;&#x43B;&#x430;&#x43D;&#x435;&#x442;&#x430; &#x420;&#x41D;&#x411;</subfield>
    <subfield code="b">(18) &#x422;&#x440;&#x443;&#x434;&#x44B; &#x441;&#x43E;&#x442;&#x440;&#x443;&#x434;&#x43D;&#x438;&#x43A;&#x43E;&#x432; &#x420;&#x41D;&#x411;</subfield>
  </datafield>
  <datafield tag="995" ind1=" " ind2=" ">
    <subfield code="5">2013-10-26</subfield>
    <subfield code="b">NLR02</subfield>
    <subfield code="c">NLR02</subfield>
    <subfield code="e">FB</subfield>
    <subfield code="f">8736049-10</subfield>
    <subfield code="k">&#x411; 6040.065/1959</subfield>
    <subfield code="o">0</subfield>
    <subfield code="r">BOOK</subfield>
    <subfield code="s">_60400651959</subfield>
  </datafield>
</record>
